[Event "BL2 Sued 1213 (Women)"]
[Site "Germany"]
[Date "2013.01.20"]
[Round "5.4"]
[White "Schwarz, Larissa"]
[Black "Leinenbach, Janine"]
[Result "1-0"]
[WhiteElo "1900"]
[BlackElo "1738"]
[PlyCount "111"]
[EventDate "2012.10.06"]
[EventType "team-tourn"]
[EventRounds "7"]
[EventCountry "GER"]
[SourceTitle "EXT 2018"]
[Source "ChessBase"]
[SourceDate "2017.10.13"]
[SourceVersion "1"]
[SourceVersionDate "2017.10.13"]
[SourceQuality "1"]
[WhiteTeam "Schott Mainz (W)"]
[BlackTeam "Wadgassen/Differten (W)"]
[WhiteTeamCountry "GER"]
[BlackTeamCountry "GER"]

1. e4 c5 2. Nf3 Nc6 3. d4 cxd4 4. Nxd4 d6 5. Nc3 e5 6. Ndb5 a6 7. Na3 Nf6 8. Bg5 h6 9. Bxf6 gxf6 10. Nd5 Be6 11. c3 Rg8 12. Nc4 Rb8 13. Nce3 Be7 14. g3 b5 15. Bg2 Qd7 16. Qd2 Rg6 17. Rd1 Na5 18. b3 Nb7 19. 0-0 Kd8 20. Nxe7 Kxe7 21. Nd5+ Bxd5 22. Qxd5 Rgg8 23. f4 Qc7 24. Qd3 Rgd8 25. Qf3 Rh8 26. fxe5 Qc5+ 27. Kh1 Qxe5 28. Rd5 Qe6 29. Rf5 Rhf8 30. Rxf6 Qd7 31. Rxf7+ Rxf7 32. Qxf7+ Kd8 33. Qxd7+ Kxd7 34. Rf6 Nd8 35. Rxh6 Nf7 36. Rf6 Ne5 37. Rf1 Rg8 38. Bh3+ Ke7 39. Bf5 a5 40. Kg2 Rh8 41. h3 Rg8 42. g4 Rg7 43. Kg3 Ke8 44. h4 Rc7 45. Kf4 Rxc3 46. h5 Rc7 47. h6 Kf8 48. g5 Nf7 49. Kg4 Re7 50. Bg6 Kg8 51. Bxf7+ Rxf7 52. Rxf7 Kxf7 53. Kf5 Kg8 54. Kg6 a4 55. h7+ Kh8 56. Kf7 1-0

[Event "BL2 Sued 1112 (Women)"]
[Site "Germany"]
[Date "2011.11.27"]
[Round "4.4"]
[White "Leinenbach, Janine"]
[Black "Bader, Katharina"]
[Result "1/2-1/2"]
[WhiteElo "1707"]
[BlackElo "2111"]
[PlyCount "120"]
[EventDate "2011.10.29"]
[EventType "team-tourn"]
[EventRounds "7"]
[EventCountry "GER"]
[SourceTitle "EXT 2013"]
[Source "ChessBase"]
[SourceDate "2012.11.22"]
[SourceVersion "1"]
[SourceVersionDate "2012.11.22"]
[SourceQuality "1"]
[WhiteTeam "Differten (W)"]
[BlackTeam "Deizisau (W)"]
[WhiteTeamCountry "GER"]
[BlackTeamCountry "GER"]

1. c4 e5 2. Nc3 Nf6 3. g3 d5 4. cxd5 Nxd5 5. Bg2 Nb6 6. d3 Be7 7. Nf3 Nc6 8. 0-0 0-0 9. b3 Be6 10. Bb2 Qd7 11. Ne4 f6 12. d4 exd4 13. Nxd4 Nxd4 14. Qxd4 Rfd8 15. Nc5 Bxc5 16. Qxc5 c6 17. Qc1 Qd2 18. Bf3 Qxc1 19. Rfxc1 Rd7 20. Rd1 Rad8 21. e4 a5 22. Bc3 Rxd1+ 23. Rxd1 Rxd1+ 24. Bxd1 a4 25. Bd4 Nd7 26. f4 axb3 27. axb3 c5 28. Bc3 b5 29. Kf2 Nb8 30. e5 Kf7 31. exf6 gxf6 32. g4 h6 33. Bd2 Bd5 34. Be3 Nd7 35. h4 Kg7 36. Bc2 Be6 37. Kg3 c4 38. bxc4 Bxc4 39. Bd4 Kf7 40. Bf5 Nb8 41. Kf3 Nc6 42. Bb2 Ne7 43. Bb1 Bd5+ 44. Be4 Be6 45. Bc1 f5 46. gxf5 Bxf5 47. Bxf5 Nxf5 48. Kg4 Kg6 49. h5+ Kf6 50. Bd2 Ke6 51. Bb4 Ne3+ 52. Kf3 Nf5 53. Kg4 Nd4 54. Bf8 Nf5 55. Bb4 Ne3+ 56. Kf3 Nd5 57. Bf8 b4 58. Bxh6 b3 59. f5+ Kxf5 60. Bc1 Nf6 1/2-1/2

[Event "BL2 Sued 1112 (Women)"]
[Site "Germany"]
[Date "2011.10.29"]
[Round "1.5"]
[White "Leinenbach, Janine"]
[Black "Mueller, Liliane"]
[Result "1-0"]
[WhiteElo "1707"]
[BlackElo "1646"]
[PlyCount "65"]
[EventDate "2011.10.29"]
[EventType "team-tourn"]
[EventRounds "7"]
[EventCountry "GER"]
[SourceTitle "EXT 2013"]
[Source "ChessBase"]
[SourceDate "2012.11.22"]
[SourceVersion "1"]
[SourceVersionDate "2012.11.22"]
[SourceQuality "1"]
[WhiteTeam "Differten (W)"]
[BlackTeam "Neuperlach (W)"]
[WhiteTeamCountry "GER"]
[BlackTeamCountry "GER"]

1. c4 Nf6 2. d4 c5 3. Nf3 cxd4 4. Nxd4 g6 5. Nc3 Bg7 6. e4 d6 7. Be2 0-0 8. Be3 Nbd7 9. Qd2 Ne5 10. f3 Bd7 11. 0-0 a6 12. Rac1 Rc8 13. b3 Qa5 14. Nd5 Qxd2 15. Nxe7+ Kh8 16. Bxd2 Rce8 17. Nd5 Nxd5 18. cxd5 Rc8 19. Nc2 f5 20. Ne3 fxe4 21. fxe4 Kg8 22. Rxc8 Rxc8 23. Bb4 Nf7 24. Nc4 Bd4+ 25. Kh1 Re8 26. Rxf7 Rxe4 27. Bd3 Re8 28. Rxd7 Bc5 29. Bd2 b5 30. Nxd6 Rf8 31. Ne4 Bd4 32. Bh6 Rc8 33. g3 1-0

[Event "BL2 Sued 0910 (Women)"]
[Site "Germany"]
[Date "2010.03.13"]
[Round "6.5"]
[White "Leinenbach, Janine"]
[Black "Froehlich Dill, Astrid"]
[Result "0-1"]
[WhiteElo "1681"]
[BlackElo "1922"]
[PlyCount "146"]
[EventDate "2009.11.07"]
[EventType "team-tourn"]
[EventRounds "7"]
[EventCountry "GER"]
[SourceTitle "CBM 133 Extra"]
[Source "ChessBase"]
[SourceDate "2010.01.05"]
[SourceVersion "1"]
[SourceVersionDate "2010.01.05"]
[SourceQuality "1"]
[WhiteTeam "Differten (W)"]
[BlackTeam "Hofheim (W)"]
[WhiteTeamCountry "GER"]
[BlackTeamCountry "GER"]

1. c4 c5 2. Nc3 Nf6 3. g3 e6 4. Bg2 Be7 5. Nf3 Nc6 6. d4 cxd4 7. Nxd4 a6 8. e4 0-0 9. 0-0 Qc7 10. b3 Rd8 11. Be3 Rb8 12. Qe2 b5 13. Rac1 Ba3 14. Rcd1 Nxd4 15. Bxd4 e5 16. Be3 bxc4 17. bxc4 Rb2 18. Rd2 Rxd2 19. Bxd2 h6 20. Qd3 Bc5 21. Nd5 Nxd5 22. cxd5 Qa7 23. Qf3 d6 24. Re1 a5 25. Be3 Ba6 26. Bxc5 Qxc5 27. Qd1 Bc4 28. Qd2 Rb8 29. Rc1 Qb4 30. Qc2 Ba6 31. h4 Rc8 32. Qb1 Rxc1+ 33. Qxc1 Bd3 34. Qc8+ Kh7 35. Qf5+ Kg8 36. Qf3 Qe1+ 37. Kh2 Bb1 38. a3 Bc2 39. Bh1 Bd1 40. Qe3 Qxe3 41. fxe3 Kf8 42. Kg1 Ke7 43. Kf2 Kd7 44. Ke1 Bg4 45. Bg2 Kc7 46. Kd2 Kb6 47. Bf1 Kc5 48. Kc3 Bf3 49. Bd3 Bd1 50. Bf1 Bf3 51. Bd3 f5 52. exf5 Kxd5 53. Bc2 Be4 54. g4 Bxc2 55. Kxc2 Ke4 56. Kd2 d5 57. a4 d4 58. exd4 exd4 59. h5 Kf4 60. Kd3 Ke5 61. Kc4 Ke4 62. g5 Kxf5 63. gxh6 gxh6 64. Kxd4 Kg5 65. Kc4 Kxh5 66. Kb5 Kg4 67. Kxa5 h5 68. Kb5 h4 69. a5 h3 70. a6 h2 71. a7 h1Q 72. Kb6 Qa8 73. Ka6 Kf5 0-1

[Event "BL2 Sued 0809 (Women)"]
[Site "Germany"]
[Date "2008.12.07"]
[Round "4.6"]
[White "Nieberle, Julia"]
[Black "Leinenbach, Janine"]
[Result "1/2-1/2"]
[WhiteElo "1524"]
[BlackElo "1655"]
[PlyCount "54"]
[EventDate "2008.11.08"]
[EventType "team-tourn"]
[EventRounds "7"]
[EventCountry "GER"]
[SourceTitle "EXT 2010"]
[Source "ChessBase"]
[SourceDate "2010.11.25"]
[SourceVersion "1"]
[SourceVersionDate "2010.11.25"]
[SourceQuality "1"]
[WhiteTeam "Krumbach (W)"]
[BlackTeam "Differten (W)"]
[WhiteTeamCountry "GER"]
[BlackTeamCountry "GER"]

1. e4 d6 2. d4 Nf6 3. Nc3 g6 4. Nf3 Bg7 5. Bc4 0-0 6. 0-0 Nc6 7. Be3 e5 8. dxe5 Nxe5 9. Nxe5 dxe5 10. Qxd8 Rxd8 11. Rad1 Bd7 12. f3 a6 13. Rd2 Bc6 14. Rfd1 Rxd2 15. Rxd2 Bf8 16. Nd5 Nxd5 17. Bxd5 Bxd5 18. Rxd5 Re8 19. c4 Kg7 20. Rd7 Re7 21. Rd8 f6 22. Bc5 Rf7 23. Bxf8+ Rxf8 24. Rxf8 Kxf8 25. Kf2 Ke7 26. Ke3 Ke6 27. g4 g5 1/2-1/2

[Event "BL2 West 0708 (Women)"]
[Site "Germany"]
[Date "2007.12.01"]
[Round "3.5"]
[White "Leinenbach, Janine"]
[Black "Storkebaum, Ulrike"]
[Result "1-0"]
[WhiteElo "1608"]
[BlackElo "1957"]
[PlyCount "79"]
[EventDate "2007.11.10"]
[EventType "team-tourn"]
[EventRounds "7"]
[EventCountry "GER"]
[SourceTitle "EXT 2009"]
[Source "ChessBase"]
[SourceDate "2008.11.26"]
[SourceVersion "1"]
[SourceVersionDate "2008.11.26"]
[SourceQuality "1"]
[WhiteTeam "Wadgassen/Differten (W)"]
[BlackTeam "Hofheim (W)"]
[WhiteTeamCountry "GER"]
[BlackTeamCountry "GER"]

1. c4 e5 2. Nc3 Nf6 3. g3 g6 4. Bg2 Bg7 5. d3 0-0 6. Nf3 d6 7. 0-0 Nc6 8. d4 exd4 9. Nxd4 Nxd4 10. Qxd4 Ng4 11. Qd2 Rb8 12. h3 Ne5 13. b3 f5 14. f4 Nc6 15. Bb2 Be6 16. Rad1 a6 17. e4 fxe4 18. Nxe4 h6 19. Bxg7 Kxg7 20. Qc3+ Kh7 21. Rfe1 Bf5 22. Nc5 Bd7 23. Ne6 Bxe6 24. Rxe6 Qd7 25. Rde1 Rbe8 26. Qe3 Rxe6 27. Qxe6 Qxe6 28. Rxe6 Kg7 29. Bxc6 bxc6 30. Re7+ Rf7 31. Rxf7+ Kxf7 32. b4 Ke6 33. Kf2 d5 34. c5 d4 35. Ke2 Kd5 36. Kd3 a5 37. bxa5 Kxc5 38. a6 Kb6 39. Kxd4 Kxa6 40. Kc5 1-0

[Event "BL2 Gr01 0506 (Women)"]
[Site "Germany"]
[Date "2006.03.05"]
[Round "7.6"]
[White "Schmidt, Renate"]
[Black "Leinenbach, Janine"]
[Result "1/2-1/2"]
[WhiteElo "1779"]
[BlackElo "1494"]
[PlyCount "47"]
[EventDate "2005.10.29"]
[EventType "team-tourn"]
[EventRounds "7"]
[EventCountry "GER"]
[SourceTitle "EXT 2007"]
[Source "ChessBase"]
[SourceDate "2006.11.23"]
[SourceVersion "1"]
[SourceVersionDate "2006.11.23"]
[SourceQuality "1"]
[WhiteTeam "Krefeld Turm (W)"]
[BlackTeam "Wadgassen/Differten (W)"]
[WhiteTeamCountry "GER"]
[BlackTeamCountry "GER"]

1. d4 Nf6 2. Nf3 e6 3. c4 b6 4. Nc3 Bb7 5. Bg5 Be7 6. e3 Ne4 7. Bxe7 Qxe7 8. Be2 Nxc3 9. bxc3 d6 10. 0-0 Nd7 11. Nd2 f5 12. Bf3 Bxf3 13. Qxf3 0-0 14. Qe2 e5 15. f3 Rae8 16. e4 f4 17. g4 fxg3 18. hxg3 Qg5 19. Kg2 Re6 20. Rh1 Rg6 21. Nf1 Nf6 22. Qe3 Nh5 23. Qxg5 Rxg5 24. Kf2 1/2-1/2